Bilecik Bilecik Bilecik Bilecik Bilecik

İpek Yolu Uluslararası Halk Edebiyatı Sempozyumu bildirileri 1-7 Temmuz 1993 Ankara. (Record no. 14628)

MARC details
000 -BAŞLIK
Sabit Uzunluktaki Kontrol Alanı 01233nam a22003377a 4500
001 - KONTROL NUMARASI
Control Dosyası 0014665
003 - KONTROL NUMARASI KİMLİĞİ
Kontrol Alanı KOHA_MİRAKIL
005 - EN SON İŞLEM TARİHİ ve ZAMANI
Kontrol Alanı 20260207002003.0
007 - FİZİKSEL TANIM SABİT ALAN - GENEL BİLGİ
Sabit uzunluklu kontrol alanı ta
008 - SABİT UZUNLUKTAKİ VERİ ÖGELERİ - GENEL BİLGİ
Sabit Alan 100308b1995 tu |||grt|||#0|||0|tur |
020 ## - ISBN - ULUSLARARASI STANDART KİTAP NUMARASI
Isbn 975171205X
Kullanılabilirlik koşulları 0,01
040 ## - KATALOGLAMA KAYNAĞI
Özgün Kataloglama Kurumu TR-BiSEU
Kataloglama Dili tur
Çeviri Kurumu TR-BiSEU
Açıklama Kuralları rda
041 0# - DİL KODU
Metin ya da ses kaydının dil kodu tur
044 ## - YAYINLAYAN/ÜRETEN KURULUŞUN ÜLKE KODU
ISO country code tu
050 ## - SINIFLAMA ve YER NUMARASI
Sınıflama Numarası GR350
Yer Numarası .U58 1993
111 2# - TOPLANTI ADI
Toplantı Adı Uluslararası Halk Edebiyatı Sempozyumu (1993: Ankara)
9 (RLIN) 34164
245 1# - ESER ADI BİLDİRİMİ
Başlık İpek Yolu Uluslararası Halk Edebiyatı Sempozyumu bildirileri 1-7 Temmuz 1993 Ankara.
264 #1 - ÜRERİM, YAYIN, DAĞITIM ve TELİF BİLDİRİMİ
Yayın yeri Ankara :
Yayınlayan Kültür Bakanlığı
Yayın tarihi 1995
300 ## - FİZİKSEL TANIMLAMA
Sayfa, Cilt vb. xvii, 532 sayfa ;
Boyutları 24 cm.
336 ## - İÇERİK TÜRÜ
Content type term metin
Content type code txt
Source rdacontent
337 ## - MEDYA TÜRÜ
Media type term aracısız
Media type code n
Source rdamedia
338 ## - TAŞIYICI TÜRÜ
Carrier type term cilt
Carrier type code nc
Source rdacarrier
490 1# - DİZİ BİLDİRİMİ
Dizi Bildirimi Halk Kültürlerini Araştırma ve Geliştirme Genel Müdürlüğü Yayınları ;
Cilt Numarası 197.
490 1# - DİZİ BİLDİRİMİ
Dizi Bildirimi Seminer Kongre Bildiri Dizisi ;
Cilt Numarası 40.
650 #0 - KONU BAŞLIĞI EK GİRİŞ - KONU TERİMİ
Konusal terim veya coğrafi ad Folklore--Turkey--Congresses.
9 (RLIN) 34165
650 #0 - KONU BAŞLIĞI EK GİRİŞ - KONU TERİMİ
Konusal terim veya coğrafi ad Folk literature, Turkish--Congreses.
9 (RLIN) 34166
830 1# - SERİ EK GİRİŞİ - TEKBİÇİM ESER ADI
Tekbiçim Başlık Halk Kültürlerini Araştırma ve Geliştirme Genel Müdürlüğü Yayınları ;
Volume number/sequential designation 197.
9 (RLIN) 34167
830 1# - SERİ EK GİRİŞİ - TEKBİÇİM ESER ADI
Tekbiçim Başlık Seminer Kongre Bildiri Dizisi ;
Volume number/sequential designation 40.
9 (RLIN) 34168
907 ## - LOCAL DATA ELEMENT G, LDG (RLIN)
a Bildiri
942 ## - EK GİRİŞ ÖGELERİ (KOHA)
Source of classification or shelving scheme Library of Congress Classification
Koha item type Book
Holdings
Materyal Türü Kalıcı Konum Mevcut Konum Raf Yeri Sınıflandırma Kaynağı Edinim Bilgisi Ana Konular Alt Konular Yer Numarası Demirbaş Numarası Fatura Tarihi Geri Çekilme Durumu Kayıp Durumu Hasarlı Durumu Kredi için değil Kayıt Tarih Toplam Ödünçverme Son Görülme Tarihi Son Kontrol Tarihi Genel / Bağış Notu
Book Prof. Dr. Azmi Özcan Kütüphanesi Prof. Dr. Azmi Özcan Kütüphanesi Uluğbey Salonu Library of Congress Classification Bağış COĞRAFYA, ANTROPOLOJİ, REKREASYON Folklor GR350 .U58 1993 0014665 13/08/2010         08/03/2010   05/12/2024 05/12/2024 İİBF